000 01658nam0a2200397 4500
001 RU\NLR\BIBL_A\022678832
005 20260203095647.0
010 _a978-5-04-222229-0
_93000
021 _aRU
_bКН-П-25-064026
_9КН-П-25-6205
035 _a(NLR Aleph) 022678832
090 _a13544150
_c13544150
100 _a20251203d2025 m y0rusy50 ca
101 0 _arus
102 _aRU
105 _aa z 000ay
181 0 _ai3
_baxxe
181 0 _ab3
_baxxe
182 0 _an
200 1 _aТретий взгляд и другие истории
_e[сборник]
_fПавел Сурков, Елена Толоконникова, Константин Сыромятников
203 _aТекст
_aИзображение
_bвизуальные
_cнепосредственные
210 _aМосква
_cЭксмо
_d2025
215 _a91, [2] c.
_cцв. ил.
_d26
225 1 _aНовые сказки Старой Руси
300 _aНа обл. авт. не указаны
300 _aВ макете авт.: Папсуев Роман Валентинович
333 _a16+
686 2 _aШ6(2=Р)8-440.6
700 1 _aСурков
_bП.
_gПавел
701 1 _aТолоконникова
_bЕ.
_gЕлена
701 1 _aСыромятников
_bК.
_gКонстантин
702 1 _4570
_7ca
_8rus
_aПапсуев
_bР. В.
_gРоман Валентинович
_940221
_3RU\NLR\AUTH\7757289
942 _cBOOK
980 _aNB